| 000 | 00411 a2200157 4500 | ||
|---|---|---|---|
| 005 | 20250414084225.0 | ||
| 020 | _a0-13-311820-7 | ||
| 082 | _a657 HAR | ||
| 100 | _aHARRISON, W.T. | ||
| 245 | _aFinancial Accounting . | ||
| 250 | _a2nd Ed. | ||
| 260 |
_aNew Jersey, _bPrentice -Hall _c1995. |
||
| 300 |
_axxv,886p.:Ill.;figures, picture & table. _bIndex _c27cm. |
||
| 700 | _aHORNGREN, C. T. | ||
| 942 |
_2ddc _cBKS |
||
| 999 |
_c1362 _d1362 |
||